000 00617nam a22001937a 4500
003 OSt
005 20251216091135.0
008 251216b |||||||| |||| 00| 0 eng d
020 _a971-11-1089-X.
040 _aDWCL-Main lib
_cOC
082 _aFil. 342.41 S623t 2000
100 _aSison, Carmelo V.
245 _aTeaching the 1987 constitution : part IV : values, principles and policies
_cSison, Carmelo V.
260 _aQuezon City :
_bJMC Press, Inc.,
_cc2000.
300 _av, 34 pages ;
_c22 cm.
650 _21. Phils-Constitutional law.
650 _22. Phils-Constitutions.
942 _2ddc
_cBK - FIL
_kFil.
_n0
999 _c7148
_d7148